000 00911nmm a2200253 a 4500
001 ocm000701240
003 TR-IsHL
005 20201028134420.0
008 131121s1988 tu tur
007 cr cn
035 _a701240
_b(N$T)
050 0 4 _aHG5632
_b.F67 1988
090 0 4 _aHG5632
_b.F67 1988
245 1 0 _aForeign capital investment regulations 1
_h[electronic resource] /
_cİstanbul Ticaret Odası
260 _aİstanbul :
_bİstanbul Ticaret Odası,
_c1988
300 _a60 p.
650 4 _aEkonomi ve Finans
650 4 _aEconomics and Finance
650 0 _aYatırımlar, Dış
_x Hukuk ve mevzuat
650 0 _aInvestments, Foreign
_x Law and legislation
650 7 _aBUSINESS & ECONOMICS / Investments & Securities / General
_2bisacsh
700 1 _aİstanbul Ticaret Odası
856 4 0 _uhttp://search.ebscohost.com/login.aspx?direct=true&scope=site&db=e011xww&AN=701240
999 _c6180
_d6180